000 00442nam a2200181Ia 4500
001 16010
005 20260306170238.0
008 260306t2019||||xx |||||||||||||| ||und||
041 _aESP
082 _a346.52
_bM26
100 _aMarty, Gabriel,
_eAUT
245 0 _aLa responsabilidad civil en el derecho comparado
260 _c2019
300 _a104 páginas :
_c23 cm.
650 _aGEN
654 _aCDE
942 _cLIB
_dJUS
_fJUS
_2ddc
_n
999 _c16010
_d16010